| 000 | 01244nam a2200361 a 4500 | ||
|---|---|---|---|
| 001 | vtls000066522 | ||
| 003 | NLI | ||
| 005 | 20210601192441.0 | ||
| 008 | 101125s1987 ii 001 0 eng | ||
| 020 | _cRs. 30.00 | ||
| 039 | 9 |
_y201011250652 _zVLOAD |
|
| 040 |
_aNLI _beng _cVTLS _eAACR2 |
||
| 041 | 0 | _aeng | |
| 044 | _aii | ||
| 082 | 0 | 4 | _a547 |
| 245 | 0 | 0 |
_aTextbook of organic chemistry : _bfor second year of three year degree course (pass and hons.) and for third year of three year degree course (pass) / _cG. B. Bohara ... [et al.] |
| 260 |
_aCuttack : _bVidyapuri, _c1987 |
||
| 300 |
_a-V. : _bdia. ; _c21 cm. |
||
| 500 | _aLibrary has vol. II | ||
| 500 | _aIncludes index | ||
| 505 | 0 | _afor second year of three year degree course (pass and hons.) and for third year of three year degree course (pass) | |
| 650 | 0 |
_aChemistry, Organic _xTextbooks _9138202 |
|
| 700 | 1 |
_aBohara, G. B., _4jt. aut _9163014 |
|
| 887 | _a Manoj | ||
| 901 |
_aDB82231 _b16.06.2001 _9v2 |
||
| 901 |
_aDB82230 _b16.06.2001 _9v1 |
||
| 902 | _aE547 T314 | ||
| 905 | _aManoj | ||
| 906 | _a0017493 | ||
| 949 |
_AVIRTUAITEM _D10000 _X100 _6DBA000082231ENG _9v2 |
||
| 942 |
_2ddc _cBKS |
||
| 949 |
_AVIRTUAITEM _D10000 _X100 _6DBA000082230ENG _9v1 |
||
| 999 |
_aVIRTUA00 _c70710 _d70710 |
||